How to master skills for the TOEFL iBT listening : advanced /

Gorde:
Xehetasun bibliografikoak
Egile nagusia: Salle, Gerald de la.
Beste egile batzuk: Swaney, Jasmine C., Kushwaha, Monika N.
Formatua: Liburua
Hizkuntza:English
Argitaratua: Tp.HCM : Nxb Tổng hợp Hồ Chí Minh, 2007.
Gaiak:
Etiketak: Etiketa erantsi
Etiketarik gabe, Izan zaitez lehena erregistro honi etiketa jartzen!
Thư viện lưu trữ: Mạng thư viện Đại học Đà Nẵng
LEADER 01310nam a2200385 a 4500
001 000041736
003 27278
005 20240918163527.0
008 171030s2007
020 |c 98000 
040 |a Lnn  |c Lnn  |d Lnn 
041 0 |a eng 
082 1 4 |a 428.0076  |b SA-G 
100 1 |a Salle, Gerald de la. 
245 1 0 |a How to master skills for the TOEFL iBT listening :  |n advanced /  |c Gerald de le Salle, Jasmine C. Swaney, Monika N. Kushwaha. 
246 3 |a TOEFL iBT. 
260 |a Tp.HCM :  |b Nxb Tổng hợp Hồ Chí Minh,  |c 2007. 
300 |a 341 p. :  |b ill. ;  |c 28 cm. 
630 0 4 |a English language. 
630 0 4 |a TOEFL. 
650 0 4 |a English language  |x Essay. 
650 0 4 |a English language  |x Listening. 
650 0 4 |a English language  |x Textbooks for foreign speakers. 
700 1 |a Swaney, Jasmine C. 
700 1 |a Kushwaha, Monika N. 
OWN |a LNN 
AVA |a UDN50  |b LNN  |c English  |d 428.01 SA-G  |e available  |t Error 5001 Not defined in file expand_doc_bib_avail.  |f 6  |g 0  |h N  |i 2  |j AN 
999 |a From the UDN01 
AVA |a UDN50  |b LNN  |c English  |d 428.01 SA-G  |e available  |t Error 5001 Not defined in file expand_doc_bib_avail.  |f 6  |g 0  |h N  |i 2  |j AN 
TYP |a Monograph 
TYP |a Printed language 
980 |a Mạng thư viện Đại học Đà Nẵng